Bases jurídicas para garantizar la paz y la seguridad internacionales de los estados de América Central; propuesta oficial de Nicaragua dentro del marco del proceso de Contadora

Gespeichert in:
Bibliographische Detailangaben
Format: Text
Veröffentlicht: s.l: s.e.
Tags: Tag hinzufügen
Keine Tags, Fügen Sie den ersten Tag hinzu!

MARC

LEADER 00000 a a2200000 04500
001 24109
003
040
090 |a 171300  
245 |a Bases jurídicas para garantizar la paz y la seguridad internacionales de los estados de América Central; propuesta oficial de Nicaragua dentro del marco del proceso de Contadora  
260 |a s.l:   |b s.e.  
300 |a 24 p.  
500 |a Propuesta oficial de Nicaragua dentro del marco del proceso de contadora  
999 |c 10950  |d 10950